LEADER 01023nam a2200229 i 4500 001 000000138038 003 CaOOAMICUS 005 20230227150638.0 008 060921s1928 it u000 u mul u 040 $aSeMil$bita 100 1 $aZwior, Johannes.$0(OLS)http://semarc/name/55939 245 10$aIntroduzione alla lingua latina liturgica /$cJohannes Zwior ; Unica traduzione italiana autorizzata a cura del P. Ogerio Bartsch della Societā del Divin Salvatore. 264 1$aTorino ; Roma :$bMarietti,$c1928. 300 $aVIII, 131 p. ;$c21 cm. 650 4$aLingua latina liturgica - Studi.$0(OLS)http://semarc/subject/21219 700 1 $aBartsch, Ogerio.$0(OLS)http://semarc/name/55940 850 $aSeMil 852 $aSeMil$W1$xVenegono$y1$m1X II 103$j237772$B91549$CSeMilBibl$Z2$F114810 $81 961 $aRecupero: Altro 996 $6245$aIntroduzione alla lingua latina liturgica$9(OLS)http://semarc/title/201757 996 $6264$aTorino ; Roma :$bMarietti$9(OLS)http://semarc/publisher/32636 LEADER 01068nas a2200229 i 4500 001 000000219084 003 CaOOAMICUS 005 20130306000000.0 008 130306b2012 it uu u0 0ita r 013 $a197981 040 $aSeMil$bita 245 10$aAnnuario Accademico 2011-2012. 260 $aMilano :$bGlossa,$cstampa 2012. 300 $a331 p. ;$c19 cm. 500 $aA pič del front. : Facoltā Teologica dell'Italia Settentrionale. - Contiene : Sommario delle Tesi discusse nell'Anno Accademico 2010-2011 ; Annuario Accademico 2011-2012 [del] Centro Studi di Spiritualitā. 773 0 $tAnnuario Accademico [della] Facoltā Teologica dell'Italia Settentrionale.$dMilano : [s.n.], 1969-     .$w()1862 774 0 $t[vedi periodico].$w()278734 850 $aSeMil 852 $aSeMil$W1$xVenegono$y1$m249 3 51$j169453$B169453$CSeMilBibl$Z2$F180232 $85 961 $aOmaggio: Facoltā Teologica di Milano 996 $6245$aAnnuario Accademico 2011-2012$9(OLS)http://semarc/title/298655 996 $6260$aMilano :$bGlossa$9(OLS)http://semarc/publisher/29635